00911cam a22002411 4500001001300000003000400013005001700017008004100034010001700075035002000092040003600112042001200148050001800160100002300178245008500201260004500286300002600331490004500357500008900402500006800491504006500559600004500624af 47001576 DLC20260227110809.0961216s1941 be a b 000 0 dut c aaf 47001576  a(OCoLC)36095015 aHarvard univ. LibrarycNNCdDLC apremarc00aND673.G45bS31 aSchouteet, Albert.03aDe zestiende-eeuwsche schilder en graveur Marcus Gerards,cdoor A. Schouteet ... aBrugge,bDruk. A. & L. Fockenierc[1941] a56 p.billus.c21 cm.0 aUitgaven van den Gidsenbond, Brugge,v24 aAt head of title: Vereeniging van officieel gediplomeerde gidsen (V. z. w.)--Brugge. a"Voordracht gehouden in den Gidsenbond op 18 jan. 1941."--p. 3. aBibliographical references included in "Bijlagen" (p. 45-66)10aGheeraerts, Marcus,dapproximately 1520-